MyGZULibrary

The silence of Great Zimbabwe : (Record no. 806)

MARC details
000 -LEADER
fixed length control field 01157cam a2200337 a 4500
001 - CONTROL NUMBER
control field 14725319
003 - CONTROL NUMBER IDENTIFIER
control field GZU
005 - DATE AND TIME OF LATEST TRANSACTION
control field 20200914122842.0
008 - FIXED-LENGTH DATA ELEMENTS--GENERAL INFORMATION
fixed length control field 070206s2006 rh a b 001 0 eng
010 ## - LIBRARY OF CONGRESS CONTROL NUMBER
LC control number 2007380026
020 ## - INTERNATIONAL STANDARD BOOK NUMBER
International Standard Book Number 9781779220400
020 ## - INTERNATIONAL STANDARD BOOK NUMBER
International Standard Book Number 1779220405
040 ## - CATALOGING SOURCE
Original cataloging agency DLC
Transcribing agency DLC
Modifying agency DLC
042 ## - AUTHENTICATION CODE
Authentication code lcode
043 ## - GEOGRAPHIC AREA CODE
Geographic area code f-rh---
050 00 - LIBRARY OF CONGRESS CALL NUMBER
Classification number DT 950.1 FON 2006
100 1# - MAIN ENTRY--PERSONAL NAME
Personal name Fontein, Joost.
245 14 - TITLE STATEMENT
Title The silence of Great Zimbabwe :
Remainder of title contested landscapes and the power of heritage /
Statement of responsibility, etc. Joost Fontein.
260 ## - PUBLICATION, DISTRIBUTION, ETC.
Place of publication, distribution, etc. Harare :
Name of publisher, distributor, etc. Weaver Press,
Date of publication, distribution, etc. c2006.
300 ## - PHYSICAL DESCRIPTION
Extent xvii, 246 p. :
Other physical details ill ;
Dimensions 24 cm.
504 ## - BIBLIOGRAPHY, ETC. NOTE
Bibliography, etc. note Includes bibliographical references (p. [229]-241) and index.
650 #0 - SUBJECT ADDED ENTRY--TOPICAL TERM
Topical term or geographic name entry element Archaeology and history
Geographic subdivision Zimbabwe.
650 #0 - SUBJECT ADDED ENTRY--TOPICAL TERM
Topical term or geographic name entry element Social archaeology
Geographic subdivision Zimbabwe.
651 #0 - SUBJECT ADDED ENTRY--GEOGRAPHIC NAME
Geographic name Great Zimbabwe (Extinct city)
651 #0 - SUBJECT ADDED ENTRY--GEOGRAPHIC NAME
Geographic name Zimbabwe
General subdivision Historiography.
651 #0 - SUBJECT ADDED ENTRY--GEOGRAPHIC NAME
Geographic name Zimbabwe
General subdivision Antiquities.
856 41 - ELECTRONIC LOCATION AND ACCESS
Materials specified Table of contents only
Uniform Resource Identifier <a href="http://www.loc.gov/catdir/toc/fy0712/2007380026.html">http://www.loc.gov/catdir/toc/fy0712/2007380026.html</a>
906 ## - LOCAL DATA ELEMENT F, LDF (RLIN)
a 7
b cbc
c origode
d 3
e ncip
f 20
g y-gencatlg
942 ## - ADDED ENTRY ELEMENTS (KOHA)
Source of classification or shelving scheme Library of Congress Classification
Koha item type Books
Classification part 950.1
Item part FON
Call number prefix 2006
Holdings
Withdrawn status Lost status Damaged status Not for loan Collection code Home library Current library Shelving location Date acquired Total Checkouts Full call number Barcode Date last seen Copy number Price effective from Koha item type
        Non-fiction City Campus Library City Campus Library General Stacks 09/11/2013   DT 950.1FON2006 007595 09/14/2020 C-1 09/14/2020 Books
        Non-fiction City Campus Library City Campus Library General Stacks 09/15/2020   DT 950.1FON2006 G20953 09/15/2020 c.2 09/15/2020 Books
        Non-fiction Mashava Campus Library Mashava Campus Library General Stacks 05/11/2021   DT 950.1FON2006 007596 05/11/2021 C3 05/11/2021 Books